Les 20 joueurs les mieux valorisés de Süper Lig en 2025 - Statistiques

Statistiques générales
  • Ce quiz a été pris 57 fois
  • Le résultat moyen est 11 sur 23
Statistiques - réponses
Rang Valeur Club Natinalité Réponse % Correct
1 70 M Galatasaray Nigeria Victor Osimhen
100%
- 20 M Fenerbahce Maroc Sofyan Amrabat
64%
2 24 M Fenerbahce Maroc Youssef En-Nesyri
64%
16 12 M Fenerbahce Brésil Fred
60%
6 19 M Galatasaray Colombie Davinson Sánchez
57%
14 13 M Galatasaray Uruguay Lucas Torreira
53%
9 15 M Fenerbahce Slovaquie Milan Škriniar
53%
- 11 M Galatasaray Hongrie Roland Sallai
53%
8 17 M Fenerbahce Pologne Sebastian Szymański
53%
4 20 M Galatasaray Turquie Barış Alper Yılmaz
51%
7 18 M Besiktas Portugal Gedson Fernandes
49%
- 11 M Galatasaray Argentine Mauro Icardi
49%
3 22 M Galatasaray Brésil Gabriel Sara
47%
- 13 M Galatasaray Espagne Álvaro Morata
45%
- 15 M Fenerbahce France Allan Saint-Maximin
38%
- 11 M Besiktas Albanie Ernest Muci
38%
- 15 M Trabzonspor RD Congo Simon Banza
38%
- 12 M Galatasaray Turquie Yunus Akgün
38%
19 11 M Fenerbahce Brésil Talisca
34%
- 12 M Fenerbahce Turquie İsmail Yüksek
30%
12 14 M Fenerbahce Pays-Bas Jayden Oosterwolde
30%
- 14M Besiktas Turquie Semih Kılıçsoy
30%
- 11 M Fenerbahce Brésil Diego Carlos
17%
Aucun quiz correspondant
Distribution des résultats
% des personnes avec chaque résultat
Percentile par nombre de réponses
Votre historique - résultats
Vous n’avez pas pris ce quiz